01209cam a22003254a 450000100090000000300040000900500170001300800410003001000170007102000180008802000430010604000130014904300120016205000230017408200180019710000320021524500780024726000240032530000210034950400510037065000430042165000520046465100430051665100520055965100410061190600450065294200350069795201340073299900170086615639941OSt20230919131527.0090226s2009 nyu b 001 0 eng  a 2009008604 a9781849040273 a9781595583611 (hardcover : alk. paper) aDLCcDLC ae-sp---00aDP53.M87bC37 200900a946.04bCAR/B1 aCarr, Matthew,d1955-9952010aBlood and faith :bthe purging of Muslim Spain 1492-1614/cMatthew Carr. aUK :bHurst,c2009. a383 p. ;c24 cm. aIncludes bibliographical references and index. 0aMuslimszSpainxHistoryy17th century. 0aForced migrationzSpainxHistoryy17th century. 0aSpainxHistoryyPhilip III, 1598-1621. 0aSpainxEthnic relationsxHistoryy17th century. 0aSpainxChurch historyy17th century. a7bcbccorignewd1eecipf20gy-gencatlg 2ddccBKh946.04iCAR/Bk946.04 00102ddc40708HISTORYaMESbMEScISLd2023-09-19l0o946.04 CAR/Bp42498r2023-09-19 13:16:28v1624.92w2023-09-19yBKzGL44R1 c42286d42286